Komunikácia v manažmente doručovateľskej akciovej spoločnosti

Efektívnosť komunikácie, ktorú využíva manažment i ostatní zamestnanci najväčšej doručovateľskej spoločnosti, pracoviska Košice a návrh zmien, ktoré by viedli k zlepšeniu komunikácie a odstráneniu jej nedostatkov. Analýza súčasného stavu komunikácie, zistenie jej predností a nedostatkov, zistenie ef...

Ausführliche Beschreibung

Gespeichert in:
Bibliographische Detailangaben
1. Verfasser: Ferencová, Martina
Weitere Verfasser: Bašistová, Alena
Format: Buchkapitel
Sprache:Slowakisch
Schlagworte:
Tags: Tag hinzufügen
Keine Tags, Fügen Sie das erste Tag hinzu!

MARC

LEADER 00000nla$a2200000$$$4500
001 0079716
005 20240502071916.3
041 0 |a slo 
044 |a SK 
245 1 0 |a Komunikácia v manažmente doručovateľskej akciovej spoločnosti  |c Martina Ferencová, Alena Bašistová 
520 |a Efektívnosť komunikácie, ktorú využíva manažment i ostatní zamestnanci najväčšej doručovateľskej spoločnosti, pracoviska Košice a návrh zmien, ktoré by viedli k zlepšeniu komunikácie a odstráneniu jej nedostatkov. Analýza súčasného stavu komunikácie, zistenie jej predností a nedostatkov, zistenie efektívnosti najčastejšie využívaných jednotlivých spôsobov komunikácie medzi zamestnancami a stanovenie návrhov na odstránenie bariér a zlepšenie spätnej väzby v komunikácii. 
610 2 0 |a komunikácia manažérska 
610 2 0 |a spoločnosti akciové 
610 2 0 |a pojmy 
610 2 0 |a zamestnanci 
610 2 0 |a efektívnosť 
610 2 0 |a nástroje marketingové 
100 1 |a Ferencová, Martina 
700 1 |a Bašistová, Alena